000 00617nam a22002057a 4500
003 OSt
005 20260430024532.0
008 260430b |||||||| |||| 00| 0 eng d
020 _a971-08-6028-3.
040 _aDWCL Main Lib.
_cOC
082 _24th ed.
_a331.0973 M673l 2000
100 _aMiranda, Gregorio S.
245 _aLabor-management relations/
_cGregorio S. Miranda
250 _a4th ed.
260 _aMandaluyong:
_bNational Bookstore,
_cc2000.
300 _axiii, 529 p. ;
_c22 cm.
504 _aIncludes bibliography.
650 _aLabor Management.
942 _2ddc
_cBK - FIL
_e4th ed.
_hFil.
_n0
999 _c10084
_d10084